| 000 | 00798nam a22001937a 4500 | ||
|---|---|---|---|
| 999 |
_c370712 _d370712 |
||
| 008 | 201130b ||||| |||| 00| 0 eng d | ||
| 040 |
_bger _cDE-2950 _erda _aDE-2950 |
||
| 041 | _ager | ||
| 100 | _aMahlke, Lisa: | ||
| 245 |
_aStadtwald gesperrt, Wildpark bleibt geöffnet. _bTierseuche: Eine neue Allgemeinverfügung legt wegen der Ausbreitung der Afrikanischen Schweinepest Einschränkungen in Frankfurt fest / _cLisa Mahlke und Heinz Kannenberg |
||
| 264 | _c2021 | ||
| 653 | _aFrankfurt (Oder) | ||
| 653 | _aAfrikanische Schweinepest | ||
| 773 |
_dFrankfurt (Oder): Märkisches Verlags- und Druckhaus GmbH & Co KG _g32. Jahrgang (2021) Nr. 182 vom 07./08.08.2021, S. 15: Foto _tMärkische Oderzeitung |
||
| 942 | _cA | ||